000 00643nam a2200217 i 4500
001 128208
003 ES-MaACL
005 20240320062611.0
007 t|
008 070625s1958 sp ||||1| spa d
080 _a929 Azorín
100 1 _aGranjel, Luis S.
_959645
245 1 0 _aRetrato de Azorín /
_cLuis S. Granjel.
260 _aMadrid :
_bGuadarrama,
_c[1958]
300 _a320 p., 15 lám. ;
_c19 cm.
490 1 _aGuadarrama de crítica y ensayo ;
_v13
600 0 4 _aAzorín,
_d1873-1967
_924326
830 0 _aGuadarrama de crítica y ensayo ;
_v13
_9182728
852 _aES-MaACL
_jC-16161
_bR.43558
999 _c128208
_d128208